Statistics for People and Places with A-Z+ Type-Ins

Click here to take the quiz!

General Stats

  • This quiz has been taken 23 times
  • The average score is 8 of 15

Answer Stats

HintType-InAnswer% Correct
Capital of Iceland^R[AEY]+[CK]+[A-Z]+V[EI][CK]Reykjavik
100%
The Terminator^S[CHW]+AR[A-Z]+G+ERArnold Schwarzenegger
91%
Central Asian countries^K[IY]RG[A-Z]+STANKyrgyzstan
83%
Central Asian Countries^TAJ[A-Z]+STANTajikistan
83%
Central Asian Countries^KH?AZ[A-Z]+STANKazakhstan
78%
Polish-French scientist; the type-in refers to her maiden name^(MARIE|MADAME?)?(CURIE|S[KL]+OW[A-Z]+SKA)Marie Curie
65%
Capital of Sri Lanka^SRIJ[A-Z]+PURASri Jayawardenepura Kotte
43%
"All right, all right, all right"^(MATT|MATTHEW)?MA?C+[AO]N[A-Z]+YMatthew McConaughey
39%
Indian-born director famous for twist endings^M?NIGHT?SH[YAEIOU]+M+[A-Z]?(LAN|DINGDONG)M. Night Shyamalan
39%
Pennsylvania town, home to a famous groundhog^PUN[CKX]+[A-Z]+N(Y|EY|IE)Punxsutawney
39%
Northernmost city in the U.S.^UT[A-Z]+VIC?KUtqiagvik
39%
"The Greek Freak"^ANT[A-Z]+POGiannis Antetokounmpo
30%
The Office actor^(JOHN|JON)?[CK]RA[SZ][A-Z]+KIJohn Krasinski
30%
H.P. Lovecraft monster with the face of an octopus^C[HT]+[A-Z]*U[THL]+[A-Z]*UCthulhu
22%
MLB pitcher; won the 2014 World Series MVP with the Giants^(MADISON)?BUMGAR[A-Z]+RMadison Bumgarner
13%

Score Distribution

Percentile by Number Answered

Percent of People with Each Score

Your Score History

You have not taken this quiz